000 00537nmm a2200169Ia 4500
008 251105s9999||||xx |||||||||||||||||und||
020 _a9788437073200
041 _aspa
100 _aLomas Cortés, Manuel
245 0 _aEl puerto de Dénia y el destierro morisco (1609-1610)
264 _a[Madrid, España] :
_bPublicaciones de la Universidad de Valencia (PUV),
_c2009
300 _a300 páginas
490 _aOberta
650 _aHistory of Europe: Spain
856 _uhttps://public.digitaliapublishing.com/a/34708
942 _cCF
999 _c82452
_d82452